000
00261nam a2200109Ia 4500
008
190216s9999||||xx |||||||||||||| ||und||
100
_a
Sidebotham.R
245
0
_a
Accountsing For Industrial Management
260
_b
Macmillan
_c
1964
300
_a
197p
942
_c
BK
999
_c
4665
_d
4665